000 00395nam a2200133Ia 4500
005 20260328104317.0
008 260328s9999||||xx |||||||||||||| ||und||
100 _aColegio de Arquitectos del Ecuador
245 0 _aXII Bienal de Arquitectura de Quito /
_cColegio de Arquitectos del Ecuador
260 _bColegio de Arquitectos de Ecuador
300 _a139 p.
650 _aECUADOR
942 _cBK
999 _c11195
_d11195